| 000 | 01146cab a22002295a 4500 | ||
|---|---|---|---|
| 001 | L140086 | ||
| 008 | 070904s2007 xxk f 000 0 eng d | ||
| 035 | _a(Sirsi) u140086 | ||
| 041 | 0 | _aeng | |
| 100 | 1 | _aJayne, Michael | |
| 245 | 0 | 0 |
_aEnvironmental liabilities for the landlords and tenants and the impact on the valuation of industrial buildings _bimplications for property managers |
| 260 | _c2007 | ||
| 490 | 0 |
_aProperty Management _v25(4) 2007, 360-380(20) |
|
| 520 | _aReviews the response of professionals involved in the letting and management of industrial buildings to the implementation of Part IIa of the Environmental Protection Act 1990. Identifies considerable variation in how professionals are responding to current environmental legislation. Many leave environmental matters to the lawyers or rely on standard lease terms. Suggests areas for improving best practice. | ||
| 590 | _aka | ||
| 650 | 2 | 4 | _aENVIRONMENTAL PROTECTION ACT 1990 PART IIA |
| 651 | 4 |
_aUnited Kingdom _y |
|
| 690 | _aPROPERTY-COMMERCIAL PROPERTY-COMMERCIAL LANDLORD AND TENANT | ||
| 700 | 1 | _aMackmin, David | |
| 700 | 1 | _aSyms, Paul | |
| 942 | _n0 | ||
| 999 |
_c79185 _d79185 |
||